Guía del archivo de la Diputación de Córdoba /
Descripción Física:
91 p. : il. ; 24 cm
Otros Autores:
Còrdova. Diputación
MARC
| LEADER | 00000nam a2200000Ia 4500 | ||
|---|---|---|---|
| 001 | 12746 | ||
| 008 | 160829s2000 xx 000 0 cat d | ||
| 080 | |a A-1-299 | ||
| 100 | |a Martínez Hernández, Ma. del Carmen |9 33307 | ||
| 245 | |a Guía del archivo de la Diputación de Córdoba / |c Ma Carmen Martínez Hernández | ||
| 260 | |a Cordova : |b Diputación de Cordoba, |c 2000 | ||
| 300 | |a 91 p. : |b il. ; |c 24 cm | ||
| 610 | 0 | |a Archivo General de la Diputación de Córdoba |x Guies |9 69777 | |
| 700 | |a Còrdova. Diputación | ||
| 901 | |a Arxiu | ||
| 942 | |n 1 | ||
| 952 | |0 0 |1 0 |4 0 |6 A1299 |7 1 |9 41293 |a Arxiu |b Arxiu |d 2016-12-01 |l 0 |o A-1-299 |p 12746 |r 2016-12-01 00:00:00 |w 2016-12-01 |y ARXIU | ||
| 999 | |c 43076 |d 43076 | ||